Corporate income tax in the EU

Definícia a klasifikácia korporátnej dane. Špecifiká korporátnej dane v krajinách Európskej únie.

Saved in:
Bibliographic Details
Main Author: Chorvatovičová, Lenka
Format: Book Chapter
Language:English
Subjects:
Tags: Add Tag
No Tags, Be the first to tag this record!

MARC

LEADER 00000nla a2200000 4500
001 0237939
005 20240417075129.8
041 0 |a eng 
044 |a SK 
245 1 0 |a Corporate income tax in the EU  |c Lenka Chorvatovičová 
520 |a Definícia a klasifikácia korporátnej dane. Špecifiká korporátnej dane v krajinách Európskej únie. 
610 2 0 |a dane z príjmov 
610 2 0 |a osoby právnické 
610 2 0 |a dane korporatívne 
610 2 0 |a Európska únia 
610 2 0 |a pojmy 
100 1 |a Chorvatovičová, Lenka